La vivienda de interés social en América Latina : (Registro nro. 7879)

Detalles MARC
000 -Cabecera
Campo de control interno 00552nam a2200181Ia 4500
005 - Fecha y hora del registro
control field 20260306160528.0
008 - Elementos de Longitud Fija
fixed length control field 260306t1957||||xx |||||||||||||| ||spa||
041 ## - Idioma
Codigo Idioma ESP
082 ## - DEWEY y NOTACIÓN INTERNA
Dewey 363.5098
Notación Interna U61
110 ## - AUTOR INSTTITUCIONAL
Autor Institucional Unión Panamericana. Departamento de Asuntos Económicos y Sociales. División de Vivienda y Planeamiento
245 #0 - TÍTULO DE MATERIAL BIBLIOGRÁFICO
Título La vivienda de interés social en América Latina :
Título paralelo istmo centroamericano
260 ## - CIUDAD, EDITORIAL, AÑO
Año 1957
300 ## - DESCRIPCIÓN
N° Páginas 122 páginas :
Dimensiones 28 cm.
650 ## - TEMAS
Temas Generalidades
654 ## - PROGRAMAS
Programa Dpto. de Administración de Negocios
942 ## - ELEMENTOS DE KOHA
Tipo de documento Libro
Nombre del creador Justo Noguera
Código de catalogador Justo Noguera
Esquema de clasificación Dewey Decimal Classification
Suppress in OPAC
Existencias
Codigo completo Registro Colección Copia número Disponibilidad Tipo de préstamo Biblioteca Actual Procedencia (Biblioteca) Ubicacón Fecha Ingreso Tipo de Adquisición Date last seen Total checkouts Price effective from Tipo de Item Estado del Material Fuente de Clasificación Damaged status Withdrawn status
363.5098 U61 1081261 Universidad Católica San Pablo 1 Disponible Disponible Víctor Andrés Belaunde Víctor Andrés Belaunde Planta baja abierta 03/06/2026 Donación 06/03/2026   06/03/2026 Libro Bueno Dewey Decimal Classification